000
00305nam a2200121Ia 4500
008
190216s9999||||xx |||||||||||||| ||und||
100
_a
Jagadish Prakash
245
0
_a
Business Organisation And Management
260
_b
S Chand & Co
_c
1974
300
_a
686p
650
_a
Business Organisation
942
_c
BK
999
_c
4515
_d
4515